000 00592nam a2200217 a 4500
999 _c12450
_d12450
001 12450
003 BD-JhCC
005 20220217121838.0
008 220217b1998 su |||| ||a| 000 0 eng d
035 _a(BD-JhCC)12450
040 _aBD-JhCC
_dBD-JhCC
041 _aEnglish
082 _a297.74
_bMAB 1998
100 _aMababaya, Dr. Norlain Dindang
245 _aDa'wah According To The Qur'an And The Sunnah /
_cDr. Norlain Dindang Mababaya.
260 _aRiyadh :
_bDarussalam;
_c1998.
300 _a199 p. :
_c22 cm.
650 _aDawah, Islam
942 _2ddc
_cBK